000 00814cab a2200181 4500
001 L130324
008 050714n2005 000 0 eng u
035 _a(Sirsi) u130324
041 _aeng
100 _aMcIntosh, Angus
245 2 _aA model with the future in mind
260 _c2005
490 _aEstates Gazette
_v(0524) 18 June 2005, 82-84(3)
520 _aConsiders the issue of sustainability and argues that every building has a cost in terms of the energy it uses, its economic effects and the cultural and social costs it imposes on cities and people. Proposes the use of the building sustainability assessment tool in order to help minimise the negative impact of any building. Tables. Graphs.
590 _aIKA190705
690 _aENVIRONMENTAL AND LAND CONSULTANCY-SUSTAINABILITY
942 _n0
999 _c75553
_d75553